000 01663cam a2200373 i 4500
001 22786988
005 20251016102237.0
008 220828s2023 enk b 000 0 eng
010 _a 2022033522
020 _a9781839767036
_q(hardback)
040 _aLBSOR/DLC
_beng
_erda
_cDLC
_dDLC
042 _apcc
082 _a152.41 GOT
100 1 _aGotby, Alva,
_eauthor.
245 1 0 _aThey call it love :
_bthe politics of emotional life /
_cAlva Gotby.
264 1 _aLondon ;
_aNew York :
_bVerso,
_c2023.
300 _axxiii, 167 pages ;
_c22 cm
336 _atext
_btxt
_2rdacontent
337 _aunmediated
_bn
_2rdamedia
338 _avolume
_bnc
_2rdacarrier
365 _bRs. 1495.00
504 _aIncludes bibliographical references.
505 0 _aIntroduction ix -- Chapter 1: Emotional reproduction 1 -- Chapter 2: The political economy of love 28 -- Chapter 3: Gendering work 55 -- Chapter 4: Feminist emotions 90 -- Chapter 5: A different feeling 110 -- Notes 149.
520 _a"An examination of the work we call "love," who performs it, how it is organised, and how we might re-organise it"--
_cProvided by publisher.
650 0 _aWork
_xPsychological aspects.
650 0 _aCapitalism
_xPsychological aspects.
650 0 _aWomen caregivers
_xPsychology.
650 0 _aWomen caregivers
_xSocial conditions.
650 0 _aFeminist theory.
776 0 8 _iOnline version:
_aGotby, Alva.
_tThey call it love
_dLondon ; New York : Verso, 2023
_z9781839767067
_w(DLC) 2022033523
906 _a7
_bcbc
_corignew
_d1
_eecip
_f20
_gy-gencatlg
942 _2ddc
_cBK
999 _c211942
_d211942